00400nam a2200121Ia 4500008004100000041001200041082001500053100006700068245010300135260001800238440000900256650001300265240126s9999 xx 000 0 und d aEnglish aPRME93-133 aBhimaya, Bharath Varghese, Bobby Salian, Rakesh Ramesh Kumar S 0aDesign and fabrication of a single stage two sail savonious rotor type windmillbShenoy, Y Subraya bNMAMIT, Nitte aNULL aWindmill